[Event "EWICC 2019"]
[Site "Antalya"]
[Date "2019.04.12"]
[Round "2.39"]
[White "Petrenko, Svetlana"]
[Black "Tomilova, Elena"]
[Result "1/2-1/2"]
[WhiteElo "2155"]
[BlackElo "2307"]
[Annotator "NA"]
[PlyCount "114"]
[EventDate "2019.04.11"]
[EventType "swiss"]
[EventCountry "TUR"]
[SourceTitle "playchess.com"]
[Source "ChessBase"]
[SourceQuality "1"]

1. d4 Nf6 2. g3 d5 3. Bg2 Bf5 4. Nf3 h6 5. O-O e6 6. c4 c6 7. Nc3 Nbd7 8. cxd5 exd5 9. Nh4 Bh7 10. f4 Be7 11. Bh3 Ne4 12. Nf5 O-O 13. Nxe4 dxe4 14. e3 Nf6 15. Nxe7+ Qxe7 16. Bd2 Nd5 17. f5 f6 18. Rc1 Rac8 19. a3 Kh8 20. Qc2 b6 21. b4 Rc7 22. Bg2 Re8 23. g4 Bg8 24. Rf2 Bf7 25. Re2 h5 26. h3 Qd6 27. Be1 Kg8 28. Bf2 hxg4 29. hxg4 g6 30. Bxe4 Rce7 31. fxg6 Rxe4 32. gxf7+ Kxf7 33. Qxc6 Rxg4+ 34. Kf1 Qd8 35. Ke1 Rge4 36. Kd2 R8e7 37. Qc8 Qxc8 38. Rxc8 Nf4 39. Re1 Nh3 40. Bg3 Ng5 41. Kd3 Nf3 42. Re2 Nxd4 43. Re1 Nf3 44. Re2 Nd4 45. Re1 Nf5 46. Bf2 b5 47. Rh1 Nd6 48. Rh7+ Kg6 49. Rxe7 Rxe7 50. Rf8 Nc4 51. e4 Ne5+ 52. Ke3 Rd7 53. Ke2 Nc4 54. Ra8 Rd2+ 55. Ke1 Ra2 56. Rxa7 Nxa3 57. Kf1 Kg5 1/2-1/2

[Event "EWICC 2019"]
[Site "Antalya"]
[Date "2019.04.12"]
[Round "2.40"]
[White "Belenkaya, Dina"]
[Black "Ferkova, Dominika"]
[Result "1-0"]
[WhiteElo "2297"]
[BlackElo "1993"]
[Annotator "NA"]
[PlyCount "59"]
[EventDate "2019.04.11"]
[EventType "swiss"]
[EventCountry "TUR"]
[SourceTitle "playchess.com"]
[Source "ChessBase"]
[SourceQuality "1"]

1. e4 c6 2. d4 d5 3. Nc3 dxe4 4. Nxe4 Bf5 5. Qf3 e6 6. Ne2 Nd7 7. N2g3 Bg6 8. h4 Ndf6 9. c3 Nxe4 10. Nxe4 Qd5 11. Bd3 h5 12. Bg5 Be7 13. Rd1 Nh6 14. O-O Bxg5 15. c4 Bxe4 16. Bxe4 Qd6 17. hxg5 Ng4 18. g3 O-O 19. Bc2 f5 20. Qf4 e5 21. dxe5 Qxe5 22. Rd7 Rf7 23. Rxf7 Kxf7 24. Rd1 g6 25. Rd7+ Ke6 26. Qd2 c5 27. Ba4 h4 28. Rxb7 Qe4 29. Qd7+ Ke5 30. f4+ 1-0

[Event "EWICC 2019"]
[Site "Antalya"]
[Date "2019.04.12"]
[Round "2.41"]
[White "Osmanodja, Filiz"]
[Black "Pintor, Ariana"]
[Result "1/2-1/2"]
[WhiteElo "2292"]
[BlackElo "1918"]
[Annotator "NA"]
[PlyCount "125"]
[EventDate "2019.04.11"]
[EventType "swiss"]
[EventCountry "TUR"]
[SourceTitle "playchess.com"]
[Source "ChessBase"]
[SourceQuality "1"]

1. e4 c6 2. d4 d5 3. e5 Bf5 4. Nc3 e6 5. g4 Bg6 6. Nge2 Nd7 7. Nf4 Ne7 8. h4 h6 9. Be3 a6 10. Nxg6 Nxg6 11. h5 Ne7 12. f4 Qc7 13. Na4 b6 14. b4 c5 15. bxc5 bxc5 16. dxc5 Qa5+ 17. c3 Nc6 18. Bd3 Nxc5 19. Bc2 Rc8 20. Kf2 Nxa4 21. Bxa4 Bc5 22. Bxc5 Qxc5+ 23. Qd4 Qxd4+ 24. cxd4 O-O 25. Rhd1 Nb4 26. a3 Nc6 27. g5 Na5 28. Rdc1 Rc4 29. Rxc4 Nxc4 30. gxh6 gxh6 31. f5 exf5 32. Bc6 Rd8 33. Bb7 a5 34. Kf3 Kf8 35. Kf4 Ke7 36. Kxf5 Ne3+ 37. Kf4 Nc2 38. Rd1 Nxa3 39. Rc1 Nb5 40. Ke3 Rd7 41. Ba6 Na3 42. Rc3 Ra7 43. Bd3 Nc4+ 44. Bxc4 dxc4 45. Ra3 Ke6 46. Ke4 f5+ 47. exf6 a4 48. d5+ Kxf6 49. Kd4 c3 50. Kxc3 Ra5 51. Kd4 Kf5 52. Rf3+ Kg4 53. Rf1 a3 54. Ke5 a2 55. Ra1 Kxh5 56. Ke6 Kg5 57. d6 Ra6 58. Ke7 Ra3 59. Rg1+ Kf4 60. d7 Re3+ 61. Kf6 Rd3 62. Rf1+ Kg4 63. Rg1+ 1/2-1/2

[Event "EWICC 2019"]
[Site "Antalya"]
[Date "2019.04.12"]
[Round "2.42"]
[White "Cornette, Deimante"]
[Black "Demirtas, Hafize"]
[Result "1-0"]
[WhiteElo "2464"]
[BlackElo "1888"]
[Annotator "ChessBase"]
[PlyCount "69"]
[EventDate "2019.04.11"]
[EventType "swiss"]
[EventCountry "TUR"]
[SourceTitle "playchess.com"]
[Source "ChessBase"]
[SourceQuality "1"]

1. e4 c5 2. Nf3 Nc6 3. Nc3 g6 4. Bb5 Bg7 5. O-O Nd4 6. Ba4 Nf6 7. e5 Ng4 8. Nxd4 cxd4 9. Qxg4 dxc3 10. dxc3 O-O 11. Qe4 d5 12. exd6 Qxd6 13. Bg5 f6 14. Rad1 Qc7 15. Be3 f5 16. Qd5+ e6 17. Qc5 Qf7 18. Bd4 f4 19. f3 Qf5 20. Qxf5 Rxf5 21. Bxg7 Kxg7 22. Rd8 b5 23. Bb3 Rf8 24. Rfd1 a6 25. c4 Kf7 26. c5 Rxd8 27. Rxd8 Kf6 28. c6 Ke7 29. c7 a5 30. a4 b4 31. h4 Kf7 32. Bc4 h5 33. Ba6 Rxa6 34. Rxc8 Rc6 35. Rh8 1-0

[Event "EWICC 2019"]
[Site "Antalya"]
[Date "2019.04.12"]
[Round "2.43"]
[White "Zimina, Olga"]
[Black "Janzelj, Lara"]
[Result "0-1"]
[WhiteElo "2377"]
[BlackElo "2182"]
[Annotator "NA"]
[PlyCount "66"]
[EventDate "2019.04.11"]
[EventType "swiss"]
[EventCountry "TUR"]
[SourceTitle "playchess.com"]
[Source "ChessBase"]
[SourceQuality "1"]

1. Nf3 d5 2. g3 c6 3. Bg2 Bg4 4. O-O e6 5. d3 Nf6 6. Nbd2 Be7 7. h3 Bxf3 8. Bxf3 O-O 9. e4 Nbd7 10. Bg2 dxe4 11. dxe4 e5 12. Nc4 Qc7 13. a4 Nc5 14. Qe2 Rfd8 15. f4 exf4 16. gxf4 Bf8 17. e5 Nd5 18. a5 b5 19. Ne3 Ne6 20. Nf5 Kh8 21. Kh1 g6 22. Ng3 Ne7 23. c3 Ng7 24. Be4 Qd7 25. Qg2 Rac8 26. f5 Nexf5 27. Nxf5 gxf5 28. Bg5 fxe4 29. Bf6 Qd2 30. Rf2 Qh6 31. Qxe4 Rd2 32. Rf3 Qg6 33. Rf5 Qg3 0-1

[Event "EWICC 2019"]
[Site "Antalya"]
[Date "2019.04.12"]
[Round "2.44"]
[White "Balajayeva, Khanim"]
[Black "Teuschler, Barbara"]
[Result "1-0"]
[WhiteElo "2358"]
[BlackElo "2180"]
[Annotator "NA"]
[PlyCount "105"]
[EventDate "2019.04.11"]
[EventType "swiss"]
[EventCountry "TUR"]
[SourceTitle "playchess.com"]
[Source "ChessBase"]
[SourceQuality "1"]

1. e4 e5 2. Nf3 d6 3. d4 exd4 4. Nxd4 Nf6 5. Nc3 Be7 6. g3 O-O 7. Bg2 Nc6 8. Nxc6 bxc6 9. O-O Nd7 10. b3 Bf6 11. Bb2 Rb8 12. Qd2 Re8 13. Rfe1 Nc5 14. Rad1 Bg4 15. f3 Bd7 16. Qf2 a5 17. f4 Qc8 18. e5 Be7 19. Ba3 Nb7 20. Na4 d5 21. Bb2 Bg4 22. Rc1 Qd7 23. Rf1 Bf5 24. c4 Red8 25. g4 Be4 26. f5 Bxg2 27. Qxg2 d4 28. Rcd1 c5 29. g5 Bf8 30. Bc1 Re8 31. Rde1 g6 32. f6 Nd8 33. h4 Nc6 34. Bf4 d3 35. Rf2 Rbd8 36. Nb2 Qd4 37. Qxc6 d2 38. Bxd2 Qxb2 39. e6 Rxe6 40. Rxe6 Rxd2 41. Re8 Qa1+ 42. Kg2 Rxf2+ 43. Kxf2 Qd4+ 44. Kg3 Qd3+ 45. Qf3 Qd6+ 46. Kg2 Qd2+ 47. Qe2 Qd6 48. Re5 c6 49. Re8 h5 50. gxh6 Kh7 51. Qe3 Kg8 52. h5 Qd7 53. Qe7 1-0

[Event "EWICC 2019"]
[Site "Antalya"]
[Date "2019.04.12"]
[Round "2.45"]
[White "Represa Perez, Mireya"]
[Black "Zhukova, Natalia"]
[Result "1/2-1/2"]
[WhiteElo "2164"]
[BlackElo "2356"]
[Annotator "NA"]
[PlyCount "72"]
[EventDate "2019.04.11"]
[EventType "swiss"]
[EventCountry "TUR"]
[SourceTitle "playchess.com"]
[Source "ChessBase"]
[SourceQuality "1"]

1. e4 e6 2. d4 d5 3. Nd2 c5 4. exd5 exd5 5. Ngf3 Nc6 6. Bb5 Qe7+ 7. Qe2 Qxe2+ 8. Kxe2 a6 9. Bxc6+ bxc6 10. Re1 f6 11. Kf1+ Kf7 12. c3 a5 13. dxc5 Bxc5 14. Nb3 Bd6 15. Be3 a4 16. Bc5 axb3 17. Bxd6 bxa2 18. Ba3 Nh6 19. Rxa2 Ba6+ 20. Kg1 Rhe8 21. Raa1 Ng4 22. Bd6 Bb7 23. Rxa8 Rxe1+ 24. Nxe1 Bxa8 25. Nf3 Ke6 26. Bc5 g6 27. b4 Bb7 28. Nd4+ Kf7 29. h3 Ne5 30. f4 Nc4 31. Nb3 Bc8 32. Na5 Bd7 33. Bd4 Nd6 34. Nb3 Ne4 35. Nc5 Nxc5 36. Bxc5 h5 1/2-1/2

[Event "EWICC 2019"]
[Site "Antalya"]
[Date "2019.04.12"]
[Round "2.46"]
[White "De Seroux, Camille"]
[Black "Sieber, Fiona"]
[Result "1/2-1/2"]
[WhiteElo "2151"]
[BlackElo "2310"]
[Annotator "NA"]
[PlyCount "130"]
[EventDate "2019.04.11"]
[EventType "swiss"]
[EventCountry "TUR"]
[SourceTitle "playchess.com"]
[Source "ChessBase"]
[SourceQuality "1"]

1. e4 c5 2. Nf3 d6 3. d4 cxd4 4. Qxd4 Nc6 5. Bb5 Bd7 6. Bxc6 Bxc6 7. Nc3 Nf6 8. Bg5 e6 9. Qd3 Be7 10. Nd4 O-O 11. O-O-O a6 12. f4 Qa5 13. f5 Rfe8 14. h4 Bd7 15. Nb3 Qe5 16. Rhf1 Bb5 17. Nxb5 axb5 18. Kb1 Qxe4 19. fxe6 fxe6 20. Bxf6 Qxd3 21. Rxd3 gxf6 22. Nd4 Kf7 23. Nxb5 Rad8 24. c4 Rg8 25. Rf2 e5 26. Nc3 Rg4 27. Nd5 Rxh4 28. Rb3 Rd7 29. a3 Bd8 30. Rbf3 Rh6 31. Kc2 Ke6 32. a4 Rf7 33. Rf5 Rg6 34. Kd3 Rg3+ 35. Ke4 Rfg7 36. Nxf6 Bb6 37. R2f3 R7g4+ 38. Kd3 Rd4+ 39. Kc3 Rxf3+ 40. Rxf3 e4 41. Rf1 Rd3+ 42. Kc2 Rg3 43. Nxe4 Rxg2+ 44. Kd3 Rxb2 45. Ng5+ Kd7 46. Nxh7 Rb3+ 47. Kc2 Rb4 48. Nf6+ Kc6 49. Rf4 Rxa4 50. Nd5 Ba5 51. Kb3 Ra1 52. Rf7 Re1 53. Nb4+ Bxb4 54. Kxb4 Rb1+ 55. Kc3 Rh1 56. Rf5 Rh3+ 57. Kb4 Rh4 58. Rg5 Re4 59. Rh5 Re5 60. Rh6 Re1 61. Rh5 Re5 62. Rh6 Kd7 63. Rh7+ Re7 64. Rh6 Kc6 65. Rh5 Re5 1/2-1/2

[Event "EWICC 2019"]
[Site "Antalya"]
[Date "2019.04.12"]
[Round "2.47"]
[White "Protopopova, Anastasiya"]
[Black "Petrova, Irina"]
[Result "1-0"]
[WhiteElo "2308"]
[BlackElo "2164"]
[Annotator "ChessBase"]
[PlyCount "63"]
[EventDate "2019.04.11"]
[EventType "swiss"]
[EventCountry "TUR"]
[SourceTitle "playchess.com"]
[Source "ChessBase"]
[SourceQuality "1"]

1. c4 e5 2. Nc3 Nc6 3. g3 f5 4. Bg2 Nf6 5. e3 g6 6. h4 h6 7. Nge2 Bg7 8. d4 d6 9. b3 O-O 10. Bb2 Bd7 11. Qd2 a6 12. O-O-O e4 13. Nf4 Ne7 14. f3 b5 15. fxe4 b4 16. Ncd5 Nfxd5 17. exd5 a5 18. e4 a4 19. Kb1 axb3 20. axb3 Qb8 21. Bh3 Qc8 22. Rde1 Kh7 23. e5 dxe5 24. dxe5 Qa6 25. Kc2 Qa2 26. Nd3 Qa6 27. Ra1 Qc8 28. Qxb4 Ng8 29. Rxa8 Qxa8 30. Ra1 Qe8 31. Ra7 c6 32. e6 1-0

[Event "EWICC 2019"]
[Site "Antalya"]
[Date "2019.04.12"]
[Round "2.48"]
[White "Berke, Ana"]
[Black "Yildiz Kadioglu, Betul Cemre"]
[Result "1/2-1/2"]
[WhiteElo "2146"]
[BlackElo "2281"]
[Annotator "NA"]
[PlyCount "149"]
[EventDate "2019.04.11"]
[EventType "swiss"]
[EventCountry "TUR"]
[SourceTitle "playchess.com"]
[Source "ChessBase"]
[SourceQuality "1"]

1. e4 e5 2. Nf3 Nc6 3. Bb5 a6 4. Ba4 Nf6 5. O-O b5 6. Bb3 Bb7 7. Re1 Bc5 8. c3 d6 9. a4 h6 10. axb5 axb5 11. Rxa8 Bxa8 12. d4 Bb6 13. Na3 exd4 14. cxd4 Na7 15. e5 Ne4 16. exd6 O-O 17. dxc7 Qxc7 18. Be3 Nf6 19. Qe2 Qd6 20. Nxb5 Qb4 21. Bc4 Bxf3 22. gxf3 Nxb5 23. Bxb5 Bxd4 24. Bxd4 Qxd4 25. Qe5 Qb4 26. Rd1 Rc8 27. Kg2 Qa5 28. Qf5 Rb8 29. Bd3 Qxf5 30. Bxf5 g6 31. Be4 Rxb2 32. Ra1 Nh5 33. Ra7 Nf4+ 34. Kg3 Ne2+ 35. Kg2 g5 36. h4 gxh4 37. Kh3 Nc3 38. Kxh4 Nxe4 39. fxe4 Rxf2 40. Kg4 Re2 41. Kf5 Kg7 42. Ra6 Rf2+ 43. Kg4 Rf6 44. Ra5 Kg6 45. Rb5 Re6 46. Kf4 Ra6 47. Rc5 Ra1 48. Rc6+ Kg7 49. Rb6 Rg1 50. Rb5 Rf1+ 51. Kg4 Re1 52. Kf4 Kg6 53. Ra5 f6 54. Ra8 Rf1+ 55. Kg4 h5+ 56. Kg3 Kf7 57. Rh8 Rg1+ 58. Kf4 Rg4+ 59. Kf3 Rg5 60. Kf4 Kg7 61. Ra8 h4 62. Ra3 Kg6 63. Rb3 Rg1 64. Rb8 Rh1 65. Rg8+ Kf7 66. Rh8 Rf1+ 67. Kg4 Rg1+ 68. Kh3 Rg3+ 69. Kxh4 Re3 70. Kg4 Rxe4+ 71. Kf3 Ra4 72. Rh5 Kg6 73. Rb5 f5 74. Rb8 Kf6 75. Rf8+ 1/2-1/2

[Event "EWICC 2019"]
[Site "Antalya"]
[Date "2019.04.12"]
[Round "2.49"]
[White "Mamedjarova, Zeinab"]
[Black "Trippold, Denise"]
[Result "0-1"]
[WhiteElo "2280"]
[BlackElo "2158"]
[Annotator "NA"]
[PlyCount "82"]
[EventDate "2019.04.11"]
[EventType "swiss"]
[EventCountry "TUR"]
[SourceTitle "playchess.com"]
[Source "ChessBase"]
[SourceQuality "1"]

1. d4 d5 2. e3 Nf6 3. c4 e6 4. Nf3 c6 5. Nbd2 Nbd7 6. Bd3 Bd6 7. O-O O-O 8. e4 e5 9. cxd5 cxd5 10. exd5 exd4 11. Nc4 Nc5 12. Nxd6 Qxd6 13. Bc4 d3 14. b4 Nce4 15. Qxd3 Re8 16. a3 a5 17. bxa5 Rxa5 18. Bb2 Bd7 19. Rfe1 Qf4 20. Rac1 Qf5 21. Qd4 Ra4 22. Qb6 Nxd5 23. Qxb7 Nf4 24. Re3 Qg4 25. Ne1 Qf5 26. Bd4 Raa8 27. Qb2 Rab8 28. Qc2 Rbc8 29. Qa2 Nd6 30. Rxe8+ Bxe8 31. Be3 Qe4 32. Bxf4 Qxf4 33. Nd3 Rxc4 34. Re1 Re4 35. Rd1 Qf6 36. Qd5 Rd4 37. Qb3 g6 38. Re1 Re4 39. Rc1 Re2 40. a4 Qd4 41. a5 Rd2 0-1

[Event "EWICC 2019"]
[Site "Antalya"]
[Date "2019.04.12"]
[Round "2.50"]
[White "Hapala, Elisabeth"]
[Black "Sandu, Mihaela"]
[Result "0-1"]
[WhiteElo "2140"]
[BlackElo "2278"]
[Annotator "NA"]
[PlyCount "78"]
[EventDate "2019.04.11"]
[EventType "swiss"]
[EventCountry "TUR"]
[SourceTitle "playchess.com"]
[Source "ChessBase"]
[SourceQuality "1"]

1. e4 c5 2. Nf3 d6 3. d4 cxd4 4. Nxd4 Nf6 5. Nc3 a6 6. Be3 e6 7. f3 b5 8. Qd2 b4 9. Na4 Nbd7 10. O-O-O Qa5 11. b3 Bb7 12. a3 Qc7 13. axb4 d5 14. Bd3 dxe4 15. Bxe4 Bxe4 16. fxe4 Qb7 17. c3 Nxe4 18. Qe2 Be7 19. Kb2 O-O 20. Rhe1 Rfc8 21. Rc1 Bf6 22. Bg1 Nd6 23. Qf3 Qc7 24. Nc5 Nxc5 25. bxc5 Qxc5 26. Nxe6 Qa5 27. Nd4 Nb5 28. Ra1 Qxc3+ 29. Qxc3 Nxc3 30. Kc2 Nb5+ 31. Kd3 Rc3+ 32. Ke4 Bxd4 33. Bxd4 Rxb3 34. Be3 f6 35. h3 Re8+ 36. Kf4 g5+ 37. Kf5 Nd6+ 38. Kxf6 Rb5 39. g4 Ne4# 0-1

[Event "EWICC 2019"]
[Site "Antalya"]
[Date "2019.04.12"]
[Round "2.51"]
[White "Styazhkina, Anna"]
[Black "Duran, Esma Doga"]
[Result "1/2-1/2"]
[WhiteElo "2274"]
[BlackElo "2131"]
[Annotator "NA"]
[PlyCount "133"]
[EventDate "2019.04.11"]
[EventType "swiss"]
[EventCountry "TUR"]
[SourceTitle "playchess.com"]
[Source "ChessBase"]
[SourceQuality "1"]

1. e4 e6 2. d4 d5 3. Nd2 Be7 4. Bd3 c5 5. dxc5 Nf6 6. Qe2 O-O 7. c3 a5 8. Ngf3 Na6 9. e5 Nd7 10. Nd4 Naxc5 11. Bc2 Qc7 12. f4 b6 13. Nb5 Qd8 14. O-O f5 15. Nf3 Nb8 16. c4 Bb7 17. Rd1 Nba6 18. cxd5 Bxd5 19. Nc3 Bxf3 20. Qxf3 Qc8 21. a3 Rd8 22. Be3 Rxd1+ 23. Rxd1 Ra7 24. Nb5 Rd7 25. Nd4 Rd5 26. Bb1 Rd8 27. Ba2 g6 28. Rc1 Qd7 29. Qe2 Kh8 30. Nxe6 Nxe6 31. Qxa6 Nxf4 32. Qc4 Nd5 33. Bd4 Qe8 34. Re1 b5 35. Qe2 Nf4 36. Qe3 Nd5 37. e6+ Kg8 38. Qf2 Qc6 39. Qf3 Nb4 40. Qxc6 Nxc6 41. Be3 Nd4 42. Bf4 a4 43. Re5 Kg7 44. Kf2 b4 45. axb4 Nc6 46. Rb5 Nxb4 47. Rb7 Kf6 48. Rxe7 Kxe7 49. Bg5+ Ke8 50. Bxd8 Kxd8 51. Bc4 Ke7 52. Kf3 Kf6 53. Bb5 Kxe6 54. Bxa4 Ke5 55. Be8 g5 56. h3 h6 57. Bf7 Nd3 58. b3 Kd4 59. Be6 Ne5+ 60. Kf2 f4 61. Ke2 Kc3 62. Bd5 h5 63. Be6 Nc6 64. Bf7 h4 65. Kf2 Ne5 66. Bd5 Kd4 67. Be6 1/2-1/2

[Event "EWICC 2019"]
[Site "Antalya"]
[Date "2019.04.12"]
[Round "2.52"]
[White "Fataliyeva, Ulviyya"]
[Black "Narva, Triin"]
[Result "1-0"]
[WhiteElo "2266"]
[BlackElo "2129"]
[Annotator "NA"]
[PlyCount "131"]
[EventDate "2019.04.11"]
[EventType "swiss"]
[EventCountry "TUR"]
[SourceTitle "playchess.com"]
[Source "ChessBase"]
[SourceQuality "1"]

1. d4 d6 2. e4 Nf6 3. Nc3 e5 4. Nf3 Nbd7 5. Bc4 Be7 6. O-O O-O 7. a4 c6 8. Ba2 a5 9. Qe2 Qc7 10. Rd1 Nb8 11. h3 Na6 12. Bg5 Re8 13. dxe5 dxe5 14. Nh4 h6 15. Bc1 Bb4 16. Qf3 Bxc3 17. bxc3 Nc5 18. Re1 Nh7 19. Qg3 Kh8 20. f4 Ne6 21. fxe5 Neg5 22. Bf4 Be6 23. Nf5 Bxa2 24. Rxa2 Ne6 25. Rb2 b6 26. Reb1 Rab8 27. Nxg7 Nxf4 28. Nxe8 Qxe5 29. Qg7+ Qxg7 30. Nxg7 Kxg7 31. Rxb6 Rd8 32. Rf1 Ne2+ 33. Kh2 Nxc3 34. e5 Ng5 35. Rxc6 Ne2 36. Rc7 Rd4 37. e6 Nxe6 38. Rcxf7+ Kg8 39. Re7 Rd6 40. Rb1 N2f4 41. Rb8+ Nf8 42. Re5 N4e6 43. Rxa5 Kf7 44. Rf5+ Ke7 45. a5 Rc6 46. Ra8 Rxc2 47. a6 Nd7 48. Ra5 Nc7 49. Rh8 Rc6 50. a7 Nb6 51. Rh7+ Kd8 52. Rh5 Kc8 53. R5xh6 Rxh6 54. Rxh6 Kb7 55. Rxb6+ Kxb6 56. h4 Kxa7 57. h5 Ne8 58. h6 Nf6 59. Kg3 Kb7 60. Kf4 Kc7 61. Kf5 Nh7 62. Kg6 Nf8+ 63. Kf7 Nh7 64. Kg7 Ng5 65. h7 Nxh7 66. Kxh7 1-0

[Event "EWICC 2019"]
[Site "Antalya"]
[Date "2019.04.12"]
[Round "2.53"]
[White "Olsarova, Karolina"]
[Black "Makka, Ioulia"]
[Result "1-0"]
[WhiteElo "2264"]
[BlackElo "2121"]
[Annotator "NA"]
[PlyCount "93"]
[EventDate "2019.04.11"]
[EventType "swiss"]
[EventCountry "TUR"]
[SourceTitle "playchess.com"]
[Source "ChessBase"]
[SourceQuality "1"]

1. e4 c6 2. d4 d6 3. Nc3 g6 4. Be3 Bg7 5. Qd2 b5 6. f3 Bb7 7. Bd3 Nd7 8. a4 b4 9. Nd1 a5 10. c3 bxc3 11. bxc3 Qc7 12. Ne2 Ba6 13. O-O Bxd3 14. Qxd3 Ngf6 15. Bg5 O-O 16. Ne3 Rab8 17. f4 e5 18. fxe5 dxe5 19. Nc4 h6 20. Bh4 Rbe8 21. Bg3 Nh5 22. Bf2 Nf4 23. Nxf4 exf4 24. e5 Re6 25. Rfe1 Rd8 26. Qf3 g5 27. Rab1 Nf8 28. Nd6 Rb8 29. Rxb8 Qxb8 30. Qxc6 f6 31. Qd5 Kh8 32. Nf7+ Kh7 33. Qe4+ Kg8 34. d5 Re7 35. e6 Qc8 36. Bd4 Qc4 37. Qf5 Qb3 38. h3 Qa2 39. Bc5 Qd2 40. Qe4 Re8 41. Nd6 f3 42. Bf2 Re7 43. Nf5 Re8 44. e7 Ng6 45. Qe6+ Kh7 46. Qf7 Rg8 47. e8=Q 1-0

[Event "EWICC 2019"]
[Site "Antalya"]
[Date "2019.04.12"]
[Round "2.54"]
[White "Olde, Margareth"]
[Black "Heinemann, Josefine"]
[Result "0-1"]
[WhiteElo "2088"]
[BlackElo "2257"]
[Annotator "NA"]
[PlyCount "90"]
[EventDate "2019.04.11"]
[EventType "swiss"]
[EventCountry "TUR"]
[SourceTitle "playchess.com"]
[Source "ChessBase"]
[SourceQuality "1"]

1. d4 Nf6 2. c4 e6 3. Nf3 b6 4. g3 Ba6 5. Qc2 Bb7 6. Bg2 c5 7. d5 exd5 8. cxd5 Nxd5 9. Qb3 Nf6 10. Ne5 d5 11. Nc3 Be7 12. Bf4 Nbd7 13. Qa4 Qc8 14. Nxd7 Qxd7 15. Qxd7+ Kxd7 16. O-O-O Rad8 17. Nxd5 Nxd5 18. Bxd5 Bxd5 19. Rxd5+ Kc6 20. Rxd8 Rxd8 21. Rd1 g5 22. Rxd8 Bxd8 23. Be5 g4 24. e4 c4 25. Kd2 Bg5+ 26. Kc3 b5 27. b3 cxb3 28. axb3 a5 29. Kd3 h5 30. Bc3 b4 31. Be5 Kb5 32. Ke2 a4 33. bxa4+ Kxa4 34. f4 Be7 35. Bd4 Kb3 36. Kd3 Ka2 37. f5 b3 38. f6 Ba3 39. e5 b2 40. Bxb2 Kxb2 41. Ke4 Kc3 42. Kf5 Kd4 43. Kg5 Kxe5 44. Kxh5 Kf5 45. Kh4 Bb2 0-1

[Event "EWICC 2019"]
[Site "Antalya"]
[Date "2019.04.12"]
[Round "2.55"]
[White "Mamedjarova, Turkan"]
[Black "Nemcova, Karin"]
[Result "1-0"]
[WhiteElo "2256"]
[BlackElo "2066"]
[Annotator "NA"]
[PlyCount "85"]
[EventDate "2019.04.11"]
[EventType "swiss"]
[EventCountry "TUR"]
[SourceTitle "playchess.com"]
[Source "ChessBase"]
[SourceQuality "1"]

1. d4 d5 2. c4 e6 3. Nc3 Nf6 4. cxd5 exd5 5. Bg5 Bb4 6. e3 h6 7. Bh4 g5 8. Bg3 Ne4 9. Rc1 h5 10. Qa4+ Nc6 11. Bb5 Bd7 12. f3 Nxg3 13. hxg3 a6 14. Bxc6 Bxc3+ 15. Rxc3 Bxc6 16. Qc2 Qf6 17. Ne2 O-O-O 18. Kf2 Qe6 19. a4 Qe7 20. b3 Rh6 21. Rc5 Rdd6 22. b4 b6 23. Rc3 Bb7 24. b5 a5 25. Rc1 Rd7 26. Qf5 Kb8 27. Qe5 Qd8 28. R1c2 g4 29. fxg4 hxg4 30. Nf4 Rh8 31. Qf5 Rg8 32. Rc1 Qe7 33. Rh1 Rdd8 34. Rh7 Rd7 35. Nd3 Rf8 36. Ne5 Rd6 37. Kg1 Bc8 38. Qc2 Kb7 39. Ng6 Rxg6 40. Qxg6 Qb4 41. Qc6+ Ka7 42. Qxc7+ Bb7 43. Rh6 1-0

[Event "EWICC 2019"]
[Site "Antalya"]
[Date "2019.04.12"]
[Round "2.56"]
[White "Soyunlu, Narmin"]
[Black "Gevorgyan, Maria"]
[Result "0-1"]
[WhiteElo "2064"]
[BlackElo "2256"]
[Annotator "NA"]
[PlyCount "136"]
[EventDate "2019.04.11"]
[EventType "swiss"]
[EventCountry "TUR"]
[SourceTitle "playchess.com"]
[Source "ChessBase"]
[SourceQuality "1"]

1. c4 c5 2. Nc3 Nc6 3. g3 g6 4. Bg2 Bg7 5. e4 d6 6. Nge2 Nf6 7. d3 O-O 8. h3 Ne8 9. a3 Nc7 10. Rb1 a5 11. O-O Ne6 12. Be3 Ned4 13. f4 Rb8 14. Kh2 Bd7 15. a4 Nb4 16. Bf2 e5 17. Nxd4 exd4 18. Nd5 Nxd5 19. exd5 g5 20. Qh5 h6 21. fxg5 Qxg5 22. Qxg5 hxg5 23. Be1 b6 24. b3 f5 25. Bd2 Bf6 26. Rbe1 Kg7 27. Bf3 Rh8 28. Kg2 Rh7 29. Rh1 Rbh8 30. Bc1 Kf7 31. Bd2 Kg6 32. Ref1 Be5 33. Be2 Bxg3 34. Kxg3 f4+ 35. Kf2 Rxh3 36. Rxh3 Rxh3 37. Rg1 Kf6 38. Bf1 Rh8 39. Bg2 Bf5 40. Bf1 Rh2+ 41. Ke1 Bg6 42. Be2 Rh3 43. Bf1 Rh4 44. Be2 Rh2 45. Rf1 Rh3 46. Kd1 Bxd3 47. Bxd3 Rxd3 48. Kc2 Rh3 49. Bxf4 gxf4 50. Rxf4+ Ke5 51. Rf2 Rc3+ 52. Kb2 Re3 53. Rh2 Ke4 54. Kc2 Rc3+ 55. Kb2 Rf3 56. Rh6 Rf2+ 57. Kc1 Kd3 58. Rh3+ Ke2 59. Kc2 Rf3 60. Rxf3 Kxf3 61. Kd3 Kf4 62. Ke2 Ke4 63. Kd2 d3 64. Kd1 Ke3 65. Ke1 d2+ 66. Kd1 Kd3 67. b4 axb4 68. a5 b3 0-1

[Event "EWICC 2019"]
[Site "Antalya"]
[Date "2019.04.12"]
[Round "2.57"]
[White "Rakhmangulova, Anastasiya"]
[Black "Trisha Kanyamarala"]
[Result "1-0"]
[WhiteElo "2255"]
[BlackElo "2028"]
[Annotator "NA"]
[PlyCount "71"]
[EventDate "2019.04.11"]
[EventType "swiss"]
[EventCountry "TUR"]
[SourceTitle "playchess.com"]
[Source "ChessBase"]
[SourceQuality "1"]

1. e4 c5 2. Nf3 Nc6 3. d4 cxd4 4. Nxd4 Nf6 5. Nc3 d6 6. Bg5 e6 7. Qd2 a6 8. O-O-O Bd7 9. f4 b5 10. Nxc6 Bxc6 11. Bd3 Be7 12. e5 dxe5 13. fxe5 Nd7 14. Bxe7 Qxe7 15. Be4 Nxe5 16. Qd4 Bxe4 17. Nxe4 f6 18. Nd6+ Kf8 19. Rhe1 Rd8 20. Qb6 Ra8 21. g4 h6 22. h4 g5 23. Ne4 Kg7 24. hxg5 hxg5 25. Nxg5 fxg5 26. Rxe5 Rh6 27. Qd4 Kg8 28. Qe3 Rg6 29. Qe4 Qe8 30. Rd7 Qxd7 31. Qxg6+ Qg7 32. Qxe6+ Kh8 33. Re1 Qh7 34. Qe5+ Qg7 35. Rh1+ Kg8 36. Qd5+ 1-0

[Event "EWICC 2019"]
[Site "Antalya"]
[Date "2019.04.12"]
[Round "2.58"]
[White "Sade, Defne"]
[Black "Chernyak, Viktoria"]
[Result "1-0"]
[WhiteElo "2013"]
[BlackElo "2252"]
[Annotator "NA"]
[PlyCount "131"]
[EventDate "2019.04.11"]
[EventType "swiss"]
[EventCountry "TUR"]
[SourceTitle "playchess.com"]
[Source "ChessBase"]
[SourceQuality "1"]

1. e4 c5 2. Nf3 Nf6 3. e5 Nd5 4. Nc3 Nxc3 5. dxc3 Nc6 6. Bf4 Qb6 7. b3 e6 8. Qd2 h6 9. h3 Qc7 10. Bh2 b6 11. O-O-O Bb7 12. Qf4 g5 13. Qe3 O-O-O 14. Qd3 Bg7 15. Re1 Ne7 16. Nd2 Nd5 17. Nc4 Bf8 18. Nd6+ Bxd6 19. exd6 Qc6 20. Kb2 Rde8 21. Qd2 Rhg8 22. c4 Nf6 23. f3 Kb8 24. Bd3 Nh5 25. Rhf1 a6 26. g4 Ng7 27. Be5 Qc8 28. Qc3 f6 29. Bxf6 e5 30. Bh7 Ne6 31. Bxg8 Rxg8 32. Bxe5 Rf8 33. Bg7 Rf7 34. Be5 Qf8 35. Re3 Bc6 36. a4 Kb7 37. Qe1 Ka7 38. Qg3 Nf4 39. Qh2 Ng6 40. Bc3 Bxf3 41. Rfe1 Qa8 42. a5 b5 43. cxb5 axb5 44. Qg1 Ka6 45. b4 Qc6 46. bxc5 Qxc5 47. Rd3 Qc6 48. Qb6+ Qxb6 49. axb6 Kxb6 50. Rf1 Bd5 51. Rxf7 Bxf7 52. Bg7 Nf4 53. Re3 h5 54. gxh5 Bxh5 55. Bh6 Ne6 56. Re5 Kc6 57. Bxg5 Kxd6 58. Bf6 Bg6 59. Rxb5 Kc6 60. Rb3 Kd5 61. h4 Nc5 62. Rg3 Bh7 63. Rg5+ Kc4 64. Rg7 Bf5 65. h5 Ne4 66. Bh4 1-0